| 000 | 01458nam a2200337Ia 4500 | ||
|---|---|---|---|
| 001 | ebr10188848 | ||
| 003 | CaPaEBR | ||
| 006 | m u | ||
| 007 | cr cn||||||||| | ||
| 008 | 071105s2007 njua sb 101 0 eng d | ||
| 010 | _z 2007299920 | ||
| 020 | _z9789812707031 | ||
| 020 | _z9812707034 | ||
| 040 |
_aCaPaEBR _cCaPaEBR |
||
| 035 | _a(OCoLC)648317173 | ||
| 050 | 1 | 4 |
_aQC793.3.B4 _bI63 2007eb |
| 082 | 0 | 4 |
_a539.7/25 _222 |
| 111 | 2 |
_aInternational Workshop on Polarized Sources and Targets _n(11th : _d2005 : _cTokyo, Japan) |
|
| 245 | 1 | 0 |
_aProceedings of the 11th International Workshop on Polarized Sources and Targets _h[electronic resource] : _bTokyo, Japan, 14-17 November 2005 / _cTomohiro Uesaka ... [et al.]. |
| 260 |
_aNew Jersey : _bWorld Scientific, _cc2007. |
||
| 300 |
_axxiii, 243 p. : _bill. |
||
| 504 | _aIncludes bibliographical references and index. | ||
| 533 |
_aElectronic reproduction. _bPalo Alto, Calif. : _cebrary, _d2009. _nAvailable via World Wide Web. _nAccess may be limited to ebrary affiliated libraries. |
||
| 650 | 0 |
_aPolarized beams (Nuclear physics) _vCongresses. |
|
| 650 | 0 |
_aPolarized targets (Nuclear physics) _vCongresses. |
|
| 650 | 0 |
_aNuclear spin _vCongresses. |
|
| 655 | 7 |
_aElectronic books. _2local |
|
| 700 | 1 | _aUesaka, Tomohiro. | |
| 710 | 2 | _aebrary, Inc. | |
| 856 | 4 | 0 |
_uhttp://site.ebrary.com/lib/rucke/Doc?id=10188848 _zAn electronic book accessible through the World Wide Web; click to view |
| 999 |
_c233769 _d233769 |
||